[Event "PRO League KO Stage 2020"]
[Site "chess.com INT"]
[Date "2020.03.12"]
[Round "2"]
[White "Lenderman, Aleksandr"]
[Black "Chigaev, Maksim"]
[Result "1-0"]
[WhiteTitle "GM"]
[BlackTitle "GM"]
[WhiteElo "2634"]
[BlackElo "2589"]
[WhiteTeam "New York Marshalls"]
[BlackTeam "Armenia Eagles"]
[WhiteFideId "2021285"]
[BlackFideId "4108116"]
[EventDate "2020.03.02"]

1. d4 Nf6 2. c4 g6 3. Nf3 Bg7 4. Nc3 d5 5. Bf4 O-O 6. Rc1 c5 7. dxc5 dxc4 8.
Qxd8 Rxd8 9. e4 Na6 10. e5 Nd7 11. e6 fxe6 12. Bxc4 Naxc5 13. Bc7 Rf8 14. b4 Nb6
15. Bxb6 Bxc3+ 16. Rxc3 Na4 17. Bd4 Nxc3 18. Bxc3 Bd7 19. Bb3 Rfc8 20. Bb2 a5
21. bxa5 Rc5 22. O-O Raxa5 23. Rd1 Ba4 24. Bxa4 Rxa4 25. Rd8+ Kf7 26. Ne5+ Rxe5
27. Bxe5 Rxa2 28. f4 Ra3 29. Rh8 h5 30. Rh7+ Ke8 31. Rg7 b5 32. Rxg6 Kd7 33. Rg8
Kc6 34. Rb8 Kc5 35. Rb7 b4 36. Rxe7 Kd5 37. Rb7 Rb3 38. Kf2 Ke4 39. Rd7 h4 40.
Rd4+ Kf5 41. Rc4 Rb1 42. h3 b3 43. Rb4 Kg6 44. Bd4 Kf5 45. Kf3 Rf1+ 46. Bf2 Rb1
47. Rb5+ Kg6 48. Bxh4 Rf1+ 49. Kg4 1-0

[Event "PRO League KO Stage 2020"]
[Site "chess.com INT"]
[Date "2020.03.12"]
[Round "2"]
[White "Andriasian, Zaven"]
[Black "Fedoseev, Vladimir3"]
[Result "0-1"]
[WhiteTitle "GM"]
[BlackTitle "GM"]
[WhiteElo "2606"]
[BlackElo "2678"]
[WhiteTeam "Armenia Eagles"]
[BlackTeam "New York Marshalls"]
[WhiteFideId "13302000"]
[BlackFideId "24130737"]
[EventDate "2020.03.02"]

1. e4 c5 2. Nf3 d6 3. d4 cxd4 4. Nxd4 Nf6 5. Nc3 a6 6. Be3 e6 7. a4 Nc6 8. Be2
Bd7 9. Nb3 Na5 10. O-O Be7 11. f4 Nxb3 12. cxb3 Bc6 13. Bf3 Qa5 14. Qd2 Qb4 15.
a5 Qxb3 16. g4 d5 17. e5 Nd7 18. Qf2 Qb4 19. Ne2 O-O 20. Nd4 Rac8 21. Ra3 Nc5
22. Nc2 Qxb2 23. Bd4 Qb5 24. Be2 Ne4 25. Qe3 Bxa3 26. Bxb5 Bxb5 27. Nxa3 Bxf1
28. Kxf1 Rc7 29. f5 Rfc8 30. f6 Rc1+ 31. Kg2 Rd1 32. Kf3 Rd2 33. Nb1 Rxh2 34.
Qg1 Rh3+ 35. Ke2 Rc2+ 36. Kd1 Rch2 37. Qf1 Rh1 38. Bg1 Rg3 39. Kc2 Rhxg1 40. Qf4
g5 0-1

[Event "PRO League KO Stage 2020"]
[Site "chess.com INT"]
[Date "2020.03.12"]
[Round "2"]
[White "Maghsoodloo, Parham"]
[Black "Lenderman, Aleksandr"]
[Result "1-0"]
[WhiteTitle "GM"]
[BlackTitle "GM"]
[WhiteElo "2676"]
[BlackElo "2634"]
[WhiteTeam "Armenia Eagles"]
[BlackTeam "New York Marshalls"]
[WhiteFideId "12539929"]
[BlackFideId "2021285"]
[EventDate "2020.03.02"]

1. d4 Nf6 2. c4 e6 3. Nf3 d5 4. Nc3 Bb4 5. Bg5 h6 6. Bxf6 Qxf6 7. Qb3 c5 8. cxd5
exd5 9. e3 O-O 10. dxc5 Bxc3+ 11. Qxc3 Qxc3+ 12. bxc3 Be6 13. Nd4 Rc8 14. Bb5
Rxc5 15. Kd2 Rc7 16. a4 Nc6 17. Bxc6 bxc6 18. Nxe6 fxe6 19. Rhb1 e5 20. a5 Kf7
21. a6 Ke6 22. Rb7 Rac8 23. Rab1 Kd6 24. f4 exf4 25. exf4 c5 26. g4 Rxb7 27.
Rxb7 Rc7 28. f5 Re7 29. h4 Rd7 30. g5 h5 31. g6 Re7 32. f6 gxf6 33. g7 Re8 34.
Rxa7 Rg8 35. Rf7 Ke6 36. Rb7 Kf5 37. a7 Kg6 38. Rb8 1-0

[Event "PRO League KO Stage 2020"]
[Site "chess.com INT"]
[Date "2020.03.12"]
[Round "2"]
[White "Chigaev, Maksim"]
[Black "Iturrizaga Bonelli, Eduardo"]
[Result "1/2-1/2"]
[WhiteTitle "GM"]
[BlackTitle "GM"]
[WhiteElo "2589"]
[BlackElo "2607"]
[WhiteTeam "Armenia Eagles"]
[BlackTeam "New York Marshalls"]
[WhiteFideId "4108116"]
[BlackFideId "3901211"]
[EventDate "2020.03.02"]

1. e4 c5 2. Nf3 Nc6 3. Bb5 g6 4. O-O Bg7 5. c3 Nf6 6. Re1 O-O 7. h3 e5 8. d3 d6
9. Bg5 Qc7 10. Nbd2 a6 11. Ba4 b5 12. Bc2 Re8 13. Nf1 h6 14. Bh4 Nh5 15. Ne3 Nf4
16. Bg3 Be6 17. Bb3 Na5 18. Bxe6 fxe6 19. Rc1 Rf8 20. b4 Nc6 21. bxc5 dxc5 22.
d4 exd4 23. cxd4 c4 24. d5 Rad8 25. Nxc4 exd5 26. exd5 Qf7 27. Nce5 Nxe5 28.
Nxe5 Bxe5 29. Rxe5 Rxd5 30. Rxd5 Qxd5 31. Bxf4 Qxd1+ 32. Rxd1 Rxf4 33. Rd6 Ra4
34. Rxg6+ Kh7 35. Rb6 Rxa2 36. g4 h5 37. g5 h4 38. Kg2 Kg7 39. Kf3 Ra4 40. Ke3
Ra3+ 41. Kf4 Rxh3 42. Rxa6 Rc3 43. Kf5 Rf3+ 44. Kg4 Rxf2 45. Kxh4 Rh2+ 46. Kg4
Rh1 47. Rb6 Rg1+ 48. Kf5 Rf1+ 49. Kg4 Rg1+ 50. Kf5 Rf1+ 51. Kg4 Rg1+ 1/2-1/2

[Event "PRO League KO Stage 2020"]
[Site "chess.com INT"]
[Date "2020.03.12"]
[Round "2"]
[White "Fedoseev, Vladimir3"]
[Black "Petrosian, Tigran L."]
[Result "0-1"]
[WhiteTitle "GM"]
[BlackTitle "GM"]
[WhiteElo "2678"]
[BlackElo "2601"]
[WhiteTeam "New York Marshalls"]
[BlackTeam "Armenia Eagles"]
[WhiteFideId "24130737"]
[BlackFideId "13301616"]
[EventDate "2020.03.02"]

1. e4 c6 2. Nf3 d5 3. Nc3 Bg4 4. h3 Bxf3 5. Qxf3 Nf6 6. d3 e6 7. Qg3 a5 8. Be2
a4 9. a3 Nbd7 10. O-O g6 11. f4 Bc5+ 12. Kh1 O-O 13. Bf3 Qe7 14. e5 Ne8 15. Ne2
Ng7 16. Qe1 Nf5 17. c3 Qh4 18. d4 Qxe1 19. Rxe1 Ba7 20. g4 Nh4 21. Bg2 f6 22.
exf6 Rxf6 23. Be3 Nb6 24. Rad1 Nc4 25. Bc1 Raf8 26. Rg1 Bb8 27. Rdf1 h6 28. Re1
g5 29. fxg5 Rf2 30. gxh6 R8f3 31. Nf4 Bxf4 32. Bxf4 Rxf4 33. Rxe6 Kh7 34. g5 Nd2
35. Re7+ Rf7 36. Rge1 Nxg2 37. Rxf7+ Rxf7 38. Kxg2 Nf3 39. Re8 Nxg5 40. Ra8 Ne4
41. Rxa4 Rf2+ 42. Kg1 Rxb2 43. c4 Nc3 0-1

[Event "PRO League KO Stage 2020"]
[Site "chess.com INT"]
[Date "2020.03.12"]
[Round "2"]
[White "Fedoseev, Vladimir3"]
[Black "Maghsoodloo, Parham"]
[Result "1/2-1/2"]
[WhiteTitle "GM"]
[BlackTitle "GM"]
[WhiteElo "2678"]
[BlackElo "2676"]
[WhiteTeam "New York Marshalls"]
[BlackTeam "Armenia Eagles"]
[WhiteFideId "24130737"]
[BlackFideId "12539929"]
[EventDate "2020.03.02"]

1. d4 Nf6 2. c4 e6 3. Nc3 Bb4 4. Qc2 d5 5. a3 Be7 6. Nf3 O-O 7. Bg5 h6 8. Bh4 b6
9. cxd5 Nxd5 10. Bxe7 Nxe7 11. e4 Bb7 12. Bc4 Nd7 13. Rd1 c6 14. O-O Qc7 15.
Rfe1 Rad8 16. Qb3 a6 17. a4 c5 18. d5 exd5 19. Bxd5 Nxd5 20. Nxd5 Bxd5 21. exd5
Nf6 22. Ne5 Rd6 23. Nc4 Rxd5 24. Qxb6 Qxb6 25. Nxb6 Rd4 26. Rxd4 cxd4 27. f3 Rd8
28. Rd1 d3 29. Kf2 Rd4 30. a5 Rb4 31. Rd2 Rb5 32. Nc4 Rb4 33. Ne5 Rb5 34. Nxd3
Rxa5 35. Rc2 Nd5 36. Rc5 Rb5 37. g3 Kf8 38. f4 Ke7 39. Kf3 f5 40. Ke2 Kd6 41.
Rc8 Ke7 42. Ra8 Nb4 43. Ra7+ Kf8 44. Ne5 Nd5 45. Nd3 Nb4 46. Ne5 Nd5 47. Ra8+
Ke7 48. Nd3 Nb4 49. Ra7+ Kf8 1/2-1/2

[Event "PRO League KO Stage 2020"]
[Site "chess.com INT"]
[Date "2020.03.12"]
[Round "2"]
[White "Andriasian, Zaven"]
[Black "Iturrizaga Bonelli, Eduardo"]
[Result "1-0"]
[WhiteTitle "GM"]
[BlackTitle "GM"]
[WhiteElo "2606"]
[BlackElo "2607"]
[WhiteTeam "Armenia Eagles"]
[BlackTeam "New York Marshalls"]
[WhiteFideId "13302000"]
[BlackFideId "3901211"]
[EventDate "2020.03.02"]

1. e4 c5 2. Nc3 e6 3. Nf3 a6 4. d4 cxd4 5. Nxd4 Qc7 6. Bd3 g6 7. O-O Bg7 8. Nf3
d6 9. Bf4 Nd7 10. Be2 Ne5 11. Qd2 Ne7 12. Rad1 Nxf3+ 13. Bxf3 Be5 14. Bxe5 dxe5
15. Qh6 Bd7 16. Qg7 Rf8 17. Rd3 Nc6 18. Rfd1 Nd4 19. Ne2 Nxf3+ 20. gxf3 Bb5 21.
c4 Qxc4 22. Nc3 Qc5 23. Nxb5 Qxb5 24. Qf6 1-0

[Event "PRO League KO Stage 2020"]
[Site "chess.com INT"]
[Date "2020.03.12"]
[Round "2"]
[White "Petrosian, Tigran L."]
[Black "Lenderman, Aleksandr"]
[Result "1-0"]
[WhiteTitle "GM"]
[BlackTitle "GM"]
[WhiteElo "2601"]
[BlackElo "2634"]
[WhiteTeam "Armenia Eagles"]
[BlackTeam "New York Marshalls"]
[WhiteFideId "13301616"]
[BlackFideId "2021285"]
[EventDate "2020.03.02"]

1. Nf3 d5 2. g3 Nf6 3. Bg2 e6 4. d3 Be7 5. Nbd2 c5 6. O-O Nc6 7. e4 b6 8. Re1
Bb7 9. e5 Nd7 10. h4 h6 11. h5 Qc7 12. Qe2 O-O-O 13. Nf1 g5 14. N1h2 Bf8 15. Ng4
Bg7 16. c3 Rhe8 17. d4 f5 18. exf6 Nxf6 19. Nxf6 Bxf6 20. dxc5 bxc5 21. Qb5 Qb6
22. a4 Ba6 23. Qxb6 axb6 24. Bh3 Rd6 25. Be3 Na5 26. Rad1 Nc4 27. Bc1 Bb7 28.
Nh2 d4 29. cxd4 Bxd4 30. Bg2 Red8 31. Ng4 Nxb2 32. Bxb2 Bxb2 33. Rxd6 Rxd6 34.
Bxb7+ Kxb7 35. Nxh6 c4 36. Ng4 c3 37. Ne3 Rd4 38. h6 Rxa4 39. Nc2 Ra8 40. Rxe6
Rh8 41. g4 Ka6 42. f4 Bc1 43. f5 Rh7 44. Kf2 Ka5 45. Ke2 b5 46. Kd3 Bd2 47. Nd4
b4 48. f6 Bf4 49. Kc4 Rc7+ 50. Rc6 c2 51. Nb3+ Ka4 52. Rxc7 1-0

[Event "PRO League KO Stage 2020"]
[Site "chess.com INT"]
[Date "2020.03.12"]
[Round "2"]
[White "Chigaev, Maksim"]
[Black "Fedoseev, Vladimir3"]
[Result "0-1"]
[WhiteTitle "GM"]
[BlackTitle "GM"]
[WhiteElo "2589"]
[BlackElo "2678"]
[WhiteTeam "Armenia Eagles"]
[BlackTeam "New York Marshalls"]
[WhiteFideId "4108116"]
[BlackFideId "24130737"]
[EventDate "2020.03.02"]

1. e4 c6 2. Nf3 d5 3. exd5 cxd5 4. Ne5 a6 5. d4 Nc6 6. c3 Nxe5 7. dxe5 Bf5 8.
Bd3 Bxd3 9. Qxd3 e6 10. O-O Qc7 11. Re1 Bc5 12. Nd2 Ne7 13. Nf3 Nf5 14. Bd2 Qb6
15. Rf1 Qb5 16. Qxb5+ axb5 17. a3 f6 18. Rfe1 Kf7 19. Rad1 Ra4 20. g3 Rc8 21.
Kg2 Ne7 22. Be3 b6 23. Bc1 Nc6 24. Re2 Re4 25. Rde1 Rxe2 26. Rxe2 Ra8 27. h4 h5
28. Kf1 Ra4 29. Bf4 Be7 30. Rc2 Bd8 31. Re2 Bc7 32. exf6 Bxf4 33. fxg7 Bc1 34.
Rxe6 Na5 35. Rxb6 Bxb2 36. Rxb5 Bxc3 37. Rxd5 Rxa3 38. Rxh5 Kxg7 39. Kg2 Nc4 40.
Rd5 Bf6 41. Nd2 Nb2 42. Ne4 Be7 43. Rd7 Kf8 44. Rb7 Nd3 45. h5 Ra4 46. f3 Ne5
47. h6 Ra2+ 48. Kh3 Ra6 49. h7 Rh6+ 50. Kg2 Nf7 51. f4 Rxh7 52. g4 Rh6 53. g5
Ra6 54. Kf3 Bd8 55. Rd7 Ke8 56. Rb7 Kf8 57. Rd7 Be7 58. Rb7 Ra3+ 59. Kg4 Ra4 60.
Kf5 Bd8 61. Rd7 Ke8 62. Rd5 Be7 63. g6 Nh6+ 64. Ke6 Rxe4+ 0-1

[Event "PRO League KO Stage 2020"]
[Site "chess.com INT"]
[Date "2020.03.12"]
[Round "2"]
[White "Lenderman, Aleksandr"]
[Black "Andriasian, Zaven"]
[Result "0-1"]
[WhiteTitle "GM"]
[BlackTitle "GM"]
[WhiteElo "2634"]
[BlackElo "2606"]
[WhiteTeam "New York Marshalls"]
[BlackTeam "Armenia Eagles"]
[WhiteFideId "2021285"]
[BlackFideId "13302000"]
[EventDate "2020.03.02"]

1. d4 d5 2. c4 c6 3. Nc3 Nf6 4. cxd5 cxd5 5. Bf4 Nc6 6. e3 Bf5 7. Qb3 Na5 8.
Qa4+ Bd7 9. Qc2 e6 10. Bd3 Rc8 11. Nf3 b5 12. a3 Nc4 13. O-O Be7 14. h3 O-O 15.
Rfc1 h6 16. Ne5 a6 17. Qe2 Bc6 18. Rc2 Bb7 19. Nb1 Ne4 20. f3 Ned6 21. Ng4 Nf5
22. Nd2 Qb6 23. Qf2 Bh4 24. g3 Be7 25. h4 Rfd8 26. h5 a5 27. Ne5 Ba6 28. Nf1 b4
29. Bxf5 exf5 30. axb4 axb4 31. Nd3 Bb5 32. Rcc1 Na5 33. Rd1 Nb3 34. Rab1 Qa6
35. Ne5 Bf6 36. Nd2 Rc2 37. Qe1 Nxd2 38. Rxd2 b3 39. g4 Bxe5 40. Bxe5 fxg4 41.
fxg4 Qe6 42. Rxc2 bxc2 43. Rc1 Qxg4+ 44. Qg3 Qxg3+ 45. Bxg3 Bd3 46. Kf2 Rd7 47.
Ke1 Rb7 48. Kd2 Rb3 49. Bd6 Be4 50. Ba3 Rd3+ 51. Ke2 Rd1 52. b3 Bd3+ 53. Kf2 f6
54. b4 Kf7 55. Kg3 Ke6 56. Kf4 Kd7 57. b5 Kc7 58. e4 Bxe4 59. Bb2 Kb6 60. Ke3
Kxb5 61. Rxc2 Bxc2 0-1

[Event "PRO League KO Stage 2020"]
[Site "chess.com INT"]
[Date "2020.03.12"]
[Round "2"]
[White "Iturrizaga Bonelli, Eduardo"]
[Black "Petrosian, Tigran L."]
[Result "0-1"]
[WhiteTitle "GM"]
[BlackTitle "GM"]
[WhiteElo "2607"]
[BlackElo "2601"]
[WhiteTeam "New York Marshalls"]
[BlackTeam "Armenia Eagles"]
[WhiteFideId "3901211"]
[BlackFideId "13301616"]
[EventDate "2020.03.02"]

1. c4 d6 2. g3 e5 3. Bg2 h5 4. d4 Nd7 5. Nf3 Be7 6. h4 c6 7. Nc3 Ngf6 8. Qc2 Ng4
9. O-O exd4 10. Nxd4 Nde5 11. Ne4 O-O 12. Ng5 Nf6 13. b3 g6 14. Bb2 Bd7 15. Rad1
Qc8 16. Qc3 Re8 17. f4 Neg4 18. e4 Bf8 19. Ndf3 Qc7 20. e5 dxe5 21. Nxe5 Qb6+
22. Kh1 Bb4 23. Nxd7 Bxc3 24. Nxb6 Bxb2 25. Nxa8 Rxa8 26. Rd3 Re8 27. Bf3 a5 28.
Rd2 Ba3 29. Re2 Ne3 30. Rfe1 Bb4 31. Rc1 Bc5 32. Rc3 Kf8 33. Rd3 Re7 34. Rd8+
Kg7 35. Rd3 Kf8 36. a3 Nf5 37. Rd8+ Kg7 38. Rxe7 Bxe7 39. Rb8 Nxg3+ 40. Kg2 Nf5
41. Rxb7 Nxh4+ 42. Kh3 Nf5 43. Bxc6 Ng4 44. Bd5 Nf2+ 45. Kg2 Nd3 46. Kf3 Nc5 47.
Ra7 Nxb3 48. Nxf7 Bc5 49. Rd7 Nbd4+ 50. Ke4 Kf6 51. Ng5 Ng3+ 52. Kd3 Kf5 53. Rc7
Nb3 54. Rf7+ Kg4 55. Ne4 Nf5 56. Rf6 Bxa3 57. Rxg6+ Kxf4 58. Rg1 Nc5+ 59. Nxc5
Bxc5 60. Rh1 Ng3 61. Rh3 a4 62. Rh2 a3 63. Bf7 Kg4 64. Be6+ Kg5 65. Kc3 h4 66.
Kb3 Ne4 67. Bd5 Ng3 68. Ka4 Bd6 69. Rd2 Nf5 70. Bg2 Ne3 71. Rxd6 a2 0-1

[Event "PRO League KO Stage 2020"]
[Site "chess.com INT"]
[Date "2020.03.13"]
[Round "2"]
[White "Shimanov, Aleksandr"]
[Black "Grischuk, Alexander"]
[Result "1/2-1/2"]
[WhiteTitle "GM"]
[BlackTitle "GM"]
[WhiteElo "2593"]
[BlackElo "2777"]
[WhiteTeam "Chicago Wind"]
[BlackTeam "Canada Chessbrahs"]
[WhiteFideId "4198603"]
[BlackFideId "4126025"]
[EventDate "2020.03.02"]

1. e4 c5 2. Nc3 d6 3. Bb5+ Bd7 4. Bxd7+ Qxd7 5. d4 cxd4 6. Qxd4 Nc6 7. Qd3 g6 8.
Nf3 Bg7 9. O-O Nf6 10. Nd5 O-O 11. Bg5 Nh5 12. c3 h6 13. Bh4 e6 14. Ne3 f5 15.
exf5 exf5 16. Qd5+ Qf7 17. Qxd6 Rae8 18. Rad1 g5 19. Bxg5 hxg5 20. Nxg5 Qf6 21.
Qxf6 Bxf6 22. Nf3 Ng7 23. Rd7 Rf7 24. Rfd1 Kf8 25. Kf1 Rd8 26. Rxd8+ Bxd8 27.
Rd6 Be7 28. Rh6 Kg8 29. Nd5 Ne8 30. Re6 Ng7 31. Rh6 Ne8 32. Re6 Ng7 33. Rh6 1/2-1/2

[Event "PRO League KO Stage 2020"]
[Site "chess.com INT"]
[Date "2020.03.13"]
[Round "2"]
[White "Cori, Jorge"]
[Black "Giri, Anish"]
[Result "0-1"]
[WhiteTitle "GM"]
[BlackTitle "GM"]
[WhiteElo "2652"]
[BlackElo "2763"]
[WhiteTeam "Chicago Wind"]
[BlackTeam "Canada Chessbrahs"]
[WhiteFideId "3802272"]
[BlackFideId "24116068"]
[EventDate "2020.03.02"]

1. d4 Nf6 2. Nf3 d5 3. c4 c6 4. e3 Bf5 5. Nc3 e6 6. Nh4 Be4 7. f3 Bg6 8. Qb3 Qc7
9. Bd2 Be7 10. Nxg6 hxg6 11. g3 O-O 12. Bg2 dxc4 13. Qxc4 Nbd7 14. O-O e5 15.
Rad1 Rad8 16. Qb3 b5 17. Ne4 Nxe4 18. fxe4 Qb6 19. Kh1 c5 20. a4 bxa4 21. Qxa4
cxd4 22. Ba5 Qa6 23. exd4 Nb6 24. Qa1 exd4 25. e5 d3 26. b4 Qc4 27. Rf4 Qc2 28.
Be4 Bg5 29. Rf3 Qe2 30. Re1 Bd2 31. Rff1 Bxe1 32. Rxe1 Qg4 33. Qd1 d2 0-1

[Event "PRO League KO Stage 2020"]
[Site "chess.com INT"]
[Date "2020.03.13"]
[Round "2"]
[White "Firouzja, Alireza"]
[Black "Nyzhnyk, Illya"]
[Result "0-1"]
[WhiteTitle "GM"]
[BlackTitle "GM"]
[WhiteElo "2728"]
[BlackElo "2665"]
[WhiteTeam "Canada Chessbrahs"]
[BlackTeam "Chicago Wind"]
[WhiteFideId "12573981"]
[BlackFideId "14118084"]
[EventDate "2020.03.02"]

1. d4 d5 2. c4 c6 3. Nf3 Nf6 4. g3 g6 5. Bg2 Bg7 6. O-O O-O 7. b3 dxc4 8. bxc4
c5 9. Bb2 Qb6 10. Qc1 cxd4 11. Nxd4 Bd7 12. Nd2 Nc6 13. N2b3 Rac8 14. Rd1 Rfd8
15. h3 Be8 16. c5 Qa6 17. e3 Nxd4 18. Bxd4 Bc6 19. Qb2 Bxg2 20. Kxg2 Bf8 21.
Rac1 Nd7 22. e4 Nb8 23. f3 Nc6 24. Bc3 Rd3 25. Rxd3 Qxd3 26. Qd2 Rd8 27. Qxd3
Rxd3 28. Kf2 Bh6 29. Rc2 f5 30. exf5 gxf5 31. f4 Kf7 32. Nc1 Rd5 33. Nb3 e6 34.
Rd2 Rxd2+ 35. Nxd2 e5 36. fxe5 Bxd2 37. Bxd2 Nxe5 38. Ke3 Nc4+ 39. Kd3 Nxd2 40.
Kxd2 Ke6 41. Ke3 Ke5 42. h4 a5 43. h5 a4 44. Kf3 a3 45. g4 fxg4+ 46. Kxg4 Kd4
47. Kg5 Kxc5 48. Kh6 b5 49. Kxh7 b4 50. Kg8 b3 51. axb3 a2 52. b4+ Kb6 53. h6
a1=Q 54. h7 Qg1+ 55. Kf7 Qf2+ 0-1

[Event "PRO League KO Stage 2020"]
[Site "chess.com INT"]
[Date "2020.03.13"]
[Round "2"]
[White "Grischuk, Alexander"]
[Black "Cori, Jorge"]
[Result "1-0"]
[WhiteTitle "GM"]
[BlackTitle "GM"]
[WhiteElo "2777"]
[BlackElo "2652"]
[WhiteTeam "Canada Chessbrahs"]
[BlackTeam "Chicago Wind"]
[WhiteFideId "4126025"]
[BlackFideId "3802272"]
[EventDate "2020.03.02"]

1. d4 Nf6 2. c4 e6 3. Nf3 b6 4. g3 Bb7 5. Bg2 Bb4+ 6. Bd2 Be7 7. Nc3 O-O 8. Qc2
d5 9. cxd5 exd5 10. O-O c5 11. Bf4 Nbd7 12. Rfd1 Rc8 13. Rac1 a6 14. dxc5 Nxc5
15. Be5 Nce4 16. Qb1 Bc5 17. Nxe4 Nxe4 18. Bd4 Qe7 19. e3 Rfd8 20. Qd3 Qe6 21.
Rc2 h6 22. Rdc1 Re8 23. h4 Qe7 24. Bh3 Rcd8 25. b4 Bxd4 26. Qxd4 Nd6 27. Rc7 Qe4
28. Qxe4 dxe4 29. Nd4 Bd5 30. a4 b5 31. R1c5 1-0

[Event "PRO League KO Stage 2020"]
[Site "chess.com INT"]
[Date "2020.03.13"]
[Round "2"]
[White "Giri, Anish"]
[Black "Shimanov, Aleksandr"]
[Result "1/2-1/2"]
[WhiteTitle "GM"]
[BlackTitle "GM"]
[WhiteElo "2763"]
[BlackElo "2593"]
[WhiteTeam "Canada Chessbrahs"]
[BlackTeam "Chicago Wind"]
[WhiteFideId "24116068"]
[BlackFideId "4198603"]
[EventDate "2020.03.02"]

1. d4 Nf6 2. c4 g6 3. Nc3 Bg7 4. e4 d6 5. Nf3 O-O 6. Be2 Na6 7. Be3 e5 8. d5 Ng4
9. Bg5 f6 10. Bh4 c5 11. Nd2 h5 12. h3 Nh6 13. O-O Nf7 14. Rb1 Bh6 15. a3 Kg7
16. Bd3 Bd7 17. Bg3 Bf4 18. Bh4 Bg5 19. Bg3 Bf4 20. Bh4 Bg5 21. Bg3 Bf4 1/2-1/2

[Event "PRO League KO Stage 2020"]
[Site "chess.com INT"]
[Date "2020.03.13"]
[Round "2"]
[White "Robson, Ray"]
[Black "Firouzja, Alireza"]
[Result "1/2-1/2"]
[WhiteTitle "GM"]
[BlackTitle "GM"]
[WhiteElo "2673"]
[BlackElo "2728"]
[WhiteTeam "Chicago Wind"]
[BlackTeam "Canada Chessbrahs"]
[WhiteFideId "2023970"]
[BlackFideId "12573981"]
[EventDate "2020.03.02"]

1. e4 e5 2. Nf3 Nc6 3. Bb5 Nf6 4. d3 Bc5 5. Bxc6 dxc6 6. Nbd2 Nd7 7. Nc4 O-O 8.
Qe2 Re8 9. Bd2 b5 10. Ne3 a5 11. g4 Bf8 12. h4 Nc5 13. Nf5 b4 14. h5 a4 15. Bg5
f6 16. Be3 Ra6 17. O-O-O b3 18. cxb3 axb3 19. a3 Ra4 20. g5 fxg5 21. Bxg5 Qd7
22. Rhg1 Ba6 23. Bf6 Bxd3 24. Rxd3 Qxd3 25. Nh6+ Kh8 26. Nf7+ Kg8 27. Nh6+ Kh8
28. Nf7+ Kg8 29. Nh6+ 1/2-1/2

[Event "PRO League KO Stage 2020"]
[Site "chess.com INT"]
[Date "2020.03.13"]
[Round "2"]
[White "Nyzhnyk, Illya"]
[Black "Grischuk, Alexander"]
[Result "1-0"]
[WhiteTitle "GM"]
[BlackTitle "GM"]
[WhiteElo "2665"]
[BlackElo "2777"]
[WhiteTeam "Chicago Wind"]
[BlackTeam "Canada Chessbrahs"]
[WhiteFideId "14118084"]
[BlackFideId "4126025"]
[EventDate "2020.03.02"]

1. d4 Nf6 2. Nf3 d5 3. c4 e6 4. Nc3 Bb4 5. cxd5 exd5 6. Bf4 Ne4 7. Rc1 Nc6 8.
Nd2 g5 9. Be3 Nxc3 10. bxc3 Ba3 11. Rb1 f5 12. f4 Qe7 13. Bf2 gxf4 14. g3 fxg3
15. hxg3 O-O 16. Bg2 Be6 17. Rxb7 Rab8 18. Rxb8 Rxb8 19. Qa4 Rb6 20. O-O Bb2 21.
Nc4 dxc4 22. d5 Bf7 23. Bxb6 axb6 24. Qxc6 Bxc3 25. Qxc4 Qe3+ 26. Kh2 Be5 27.
Qh4 Bg6 28. Rf3 Qxe2 29. Qd8+ Kg7 30. Qe7+ Kg8 31. Rf4 b5 32. a4 Qb2 33. Qe6+
Kg7 34. Qe7+ Kg8 35. Qe6+ Kg7 36. axb5 Bxf4 37. gxf4 Qxb5 38. Qe5+ Kf8 39. Qxc7
Qb4 40. Qe5 Qe7 41. d6 Qxe5 42. fxe5 Bf7 43. Kg3 Be6 44. Kf4 h5 45. Bh3 h4 46.
Kg5 Kf7 47. Kxh4 Kg6 48. Bf1 Kf7 49. Kg5 Ke8 50. Bh3 1-0

[Event "PRO League KO Stage 2020"]
[Site "chess.com INT"]
[Date "2020.03.13"]
[Round "2"]
[White "Robson, Ray"]
[Black "Giri, Anish"]
[Result "1-0"]
[WhiteTitle "GM"]
[BlackTitle "GM"]
[WhiteElo "2673"]
[BlackElo "2763"]
[WhiteTeam "Chicago Wind"]
[BlackTeam "Canada Chessbrahs"]
[WhiteFideId "2023970"]
[BlackFideId "24116068"]
[EventDate "2020.03.02"]

1. e4 c5 2. Nf3 d6 3. d4 cxd4 4. Nxd4 Nf6 5. Nc3 a6 6. Be3 e5 7. Nb3 Be7 8. f3
Be6 9. Qd2 h5 10. Nd5 Nxd5 11. exd5 Bf5 12. Be2 O-O 13. O-O Nd7 14. Na5 Qc8 15.
c4 Bd8 16. Rac1 Re8 17. Kh1 Nc5 18. Nb3 Bb6 19. Nxc5 Bxc5 20. b4 Bxe3 21. Qxe3
a5 22. a3 axb4 23. axb4 e4 24. c5 dxc5 25. bxc5 Qd7 26. Qb3 exf3 27. Bxf3 Bg4
28. d6 Bxf3 29. Rxf3 Re5 30. h3 Rae8 31. Rcf1 Rf8 32. Qc4 Qe6 33. Qxe6 Rxe6 34.
Rb1 Rb8 35. Rfb3 Kf8 36. Rxb7 Rxb7 37. Rxb7 Ke8 38. c6 Rxd6 39. Rb8+ 1-0

[Event "PRO League KO Stage 2020"]
[Site "chess.com INT"]
[Date "2020.03.13"]
[Round "2"]
[White "Firouzja, Alireza"]
[Black "Shimanov, Aleksandr"]
[Result "1-0"]
[WhiteTitle "GM"]
[BlackTitle "GM"]
[WhiteElo "2728"]
[BlackElo "2593"]
[WhiteTeam "Canada Chessbrahs"]
[BlackTeam "Chicago Wind"]
[WhiteFideId "12573981"]
[BlackFideId "4198603"]
[EventDate "2020.03.02"]

1. d4 Nf6 2. Nf3 g6 3. c4 Bg7 4. Nc3 O-O 5. e4 d6 6. Be2 Na6 7. Bg5 Qe8 8. Nd2
Nd7 9. Be3 e5 10. d5 f5 11. f3 Qe7 12. O-O f4 13. Bf2 g5 14. a3 c5 15. dxc6 bxc6
16. b4 Nc7 17. Nb3 Nf6 18. Na5 Bd7 19. Nb7 Nce8 20. c5 d5 21. exd5 cxd5 22. Nxd5
Nxd5 23. Qxd5+ Be6 24. Qc6 e4 25. Rad1 e3 26. Be1 Rc8 27. Qa6 Nc7 28. Qd6 Qf7
29. c6 Bc4 30. Rd3 Nb5 31. Qc5 Nd4 32. Rxd4 Bxe2 33. Rd7 Qf6 34. Nd6 Bxf1 35.
Kxf1 e2+ 36. Kxe2 Qe6+ 37. Kf1 Rfe8 38. Nxe8 Rxe8 39. Qd5 1-0